Популярная карта театра Европейской войны (Запись № 10766682)
[ простой вид ]
| 000 -МАРКЕР | |
|---|---|
| контрольное поле | 01100nem0a2200277 4500 |
| 001 - ИДЕНТИФИКАТОР ЗАПИСИ | |
| контрольное поле | RU\NLR\BIBL_A\010357224 |
| 005 - ИДЕНТИФИКАТОР ВЕРСИИ | |
| контрольное поле | 20250614042518.0 |
| 035 ## - ДРУГИЕ СИСТЕМНЫЕ НОМЕРА | |
| Идентификатор записи | (NLR Aleph) 010357224 |
| 100 ## - ДАННЫЕ ОБЩЕЙ ОБРАБОТКИ | |
| Данные общей обработки | 20140515d1914 |||y0rusy50 ca |
| 101 0# - ЯЗЫК РЕСУРСА | |
| Язык текста, звукозаписи и т.д. | русский |
| 102 ## - СТРАНА ПУБЛИКАЦИИ ИЛИ ПРОИЗВОДСТВА | |
| Страна публикации | российская федерация |
| 120 ## - ПОЛЕ КОДИРОВАННЫХ ДАННЫХ: КАРТОГРАФИЧЕСКИЕ МАТЕРИАЛЫ - ОБЩИЕ ХАРАКТЕРИСТИКИ | |
| Кодированные данные о картографическом материале (общие) | bay xx|| |
| 123 1# - ПОЛЕ КОДИРОВАННЫХ ДАННЫХ: КАРТОГРАФИЧЕСКИЕ МАТЕРИАЛЫ - МАСШТАБ И КООРДИНАТЫ | |
| Тип масштаба | a |
| Постоянное отношение линейного горизонтального масштаба | 4000000 |
| 200 1# - ЗАГЛАВИЕ И СВЕДЕНИЯ ОБ ОТВЕТСТВЕННОСТИ | |
| Основное заглавие | Популярная карта театра Европейской войны |
| Общее обозначение материала | Карты |
| Первые сведения об ответственности | Сост. И.В.Венедиктов |
| 206 ## - ОБЛАСТЬ СПЕЦИФИЧЕСКИХ СВЕДЕНИЙ: КАРТОГРАФИЧЕСКИЕ МАТЕРИАЛЫ - МАТЕМАТИЧЕСКИЕ ДАННЫЕ | |
| Сведения о математических данных | [1:4 000 000, 40 км в 1 см] |
| 210 ## - ПУБЛИКАЦИЯ, РАСПРОСТРАНЕНИЕ И ДР. | |
| Место издания, распространения и т.д. | Санкт-Петербург |
| Имя издателя, распространителя и т. д. | Хромолит. "Екатерингофское печатное дело" |
| Дата издания, распространения и т.д. | 1914 |
| 215 ## - ФИЗИЧЕСКАЯ ХАРАКТЕРИСТИКА | |
| Специфическое обозначение материала и объем | 1 к. |
| -- | цв., указ. |
| Размеры | 82х63 см, в обл. 28х19 см |
| Сопроводительный материал | Указатель (8 с., 28х19 см) |
| 509 01 - ЗАГОЛОВОК -СТРУКТУРИРОВАННОЕ ГЕОГРАФИЧЕСКОЕ ИЛИ ТЕМАТИЧЕСКОЕ НАИМЕНОВАНИЕ | |
| Графика поля | Кириллица |
| Географическое / тематическое наименование – начальный элемент ввода | Европа |
| Системный номер авторитетной/нормативной записи | 2633316 |
| Идентификатор авторитетной / нормативной записи | RU\NLR\auth_crt\55133 |
| 606 1# - НАИМЕНОВАНИЕ ТЕМЫ КАК ПРЕДМЕТ | |
| Наименование темы | Театры военных действий |
| Системный номер авторитетной/нормативной записи | 2178135 |
| Идентификатор авторитетной/нормативной записи | RU\NLR\auth_crt\66189 |
| 702 #1 - ИМЯ ЛИЦА - ВТОРИЧНАЯ ОТВЕТСТВЕННОСТЬ | |
| Начальный элемент ввода | Венедиктов |
| Часть имени, кроме начального элемента ввода | И.В. |
| Код отношения | Составитель |
| 852 ## - МЕСТОНАХОЖДЕНИЕ И ШИФР ХРАНЕНИЯ | |
| Идентификатор организации | NLR |
| Наименование фонда или коллекции (Sub-Location Identifier) | К |
| Шифр хранения (Call Number) | 3-Евр 6/431 |
| Идентификатор единицы | 23695 |
| 942 ## - ДОПОЛНИТЕЛЬНЫЕ ЭЛЕМЕНТЫ ЗАПИСИ (АБИС) | |
| Тип экземпляра АБИС | Карта |
| 980 ## - КОЛЛЕКЦИЯ | |
| Название коллекции | Национальная библиография |
| 980 ## - КОЛЛЕКЦИЯ | |
| Название коллекции | Картография: Война 1914 г. |
Нет доступных экземпляров.